| 000 | 01131nam a22003497a 4500 | ||
|---|---|---|---|
| 003 | CHAP | ||
| 005 | 20220329134715.0 | ||
| 008 | 971013s1984 r 00010 d | ||
| 010 | _a24533 | ||
| 011 | _a25505 | ||
| 035 | _a29605 | ||
| 040 | _cCHAP | ||
| 090 | _aFolleto 9584 | ||
| 100 | 0 | 0 |
_aHall, Franklin R. _952316 |
| 245 | _aEvaluation of alternate row middle (ARM) spraying for apple orchards | ||
| 260 |
_aWooster, Ohio : _bOhio Agricultural Research and Development Center, _c1984 |
||
| 300 | _app. 17-21 | ||
| 490 |
_aResearch circular _v; 283 |
||
| 501 | _aEnc. con otros impresos similares | ||
| 590 |
_aBATCH-UPD _b10 _c20130110 _lUCH01 _h0939 |
||
| 590 |
_aBATCH-UPD _b10 _c20130410 _lUCH01 _h0556 |
||
| 590 |
_aBATCH-UPD _b10 _c20130914 _lUCH01 _h1040 |
||
| 590 |
_aCONVERSION _b10 _c20130109 _lUCH01 _h1314 |
||
| 650 | 1 | 4 |
_aControl de plagas. _927595 |
| 650 | 1 | 4 |
_aManzana _xFumigación. _970771 |
| 650 | 1 | 4 |
_aManzana _xPlagas. _970792 |
| 650 | 1 | 4 |
_aPesticidas. _987536 |
| 830 | 0 |
_aResearch circular _v; 283 _996063 |
|
| 901 | _aBK | ||
| 942 | _cFOLL | ||
| 949 |
_aFolleto 9584 _bBC _cFOLL _d-68519 _eTS1 _i29605 _mD _si |
||
| 999 |
_c24533 _d24533 |
||